000 00296nam a22001337a 4500
008 180802b xxu||||| |||| 00| 0 eng d
082 _a813.52
245 _aElementary Statistics
_cTriola,M.F
260 _c2010
300 _a1
_fCD
440 _x0321570766
760 _b11th
942 _2ddc
_cMX
999 _c46720
_d46720